Text book of Physical Pharmaceutics-1 (Record no. 10467)

MARC details
000 -LEADER
fixed length control field 00466nam a22001697a 4500
003 - CONTROL NUMBER IDENTIFIER
control field OSt
008 - FIXED-LENGTH DATA ELEMENTS--GENERAL INFORMATION
fixed length control field 210217b ||||| |||| 00| 0 eng d
020 ## - INTERNATIONAL STANDARD BOOK NUMBER
International Standard Book Number 97881543342895
082 ## - DEWEY DECIMAL CLASSIFICATION NUMBER
Classification number 615.19 SET
100 ## - MAIN ENTRY--PERSONAL NAME
Personal name SETH, A.K.
245 ## - TITLE STATEMENT
Title Text book of Physical Pharmaceutics-1
250 ## - EDITION STATEMENT
Edition statement -
260 ## - PUBLICATION, DISTRIBUTION, ETC. (IMPRINT)
Place of publication, distribution, etc Jalandhar
Name of publisher, distributor, etc S.Vikas
Date of publication, distribution, etc 2020
300 ## - PHYSICAL DESCRIPTION
Extent 277
650 ## - SUBJECT ADDED ENTRY--TOPICAL TERM
Topical term or geographic name as entry element Pharmaceutics- Drug Delivery Systems,Pharmaceutical Engineering regularity Science
942 ## - ADDED ENTRY ELEMENTS (KOHA)
Source of classification or shelving scheme Dewey Decimal Classification
Koha item type Text Books
Holdings
Withdrawn status Lost status Source of classification or shelving scheme Damaged status Not for loan Collection code Home library Current library Date acquired Source of acquisition Currency Cost, normal purchase price Bill Number Total Checkouts Full call number Acc. no. / Barcode Date last seen Actual Cost, discounted price Bill Date Koha item type Date last borrowed
    Dewey Decimal Classification     Diploma in Pharmacy PIET C-LIBRARY PIET C-LIBRARY 16/02/2021 Kirti Praskshan IN Rupees 425.00 IN1608   615.19 SET DP918 17/02/2021 331.50 16/02/2021 Text Books  
    Dewey Decimal Classification     Diploma in Pharmacy PIET C-LIBRARY PIET C-LIBRARY 16/02/2021 Kirti Praskshan IN Rupees 425.00 IN1608   615.19 SET DP919 17/02/2021 331.50 16/02/2021 Text Books  
    Dewey Decimal Classification     Diploma in Pharmacy PIET C-LIBRARY PIET C-LIBRARY 16/02/2021 Kirti Praskshan IN Rupees 425.00 IN1608 3 615.19 SET DP920 20/04/2022 331.50 16/02/2021 Text Books 31/03/2022
    Dewey Decimal Classification     Diploma in Pharmacy PIET C-LIBRARY PIET C-LIBRARY 16/02/2021 Kirti Praskshan IN Rupees 425.00 IN1608   615.19 SET DP921 17/02/2021 331.50 16/02/2021 Reference Books  

Design & Developed by: PIET Central Library
R70 Miles Stone Pattikalyana Samalkha Panipat 132102
mail ID :- [email protected], Phone No:- 0180-2569700 Ex.216